000 00686 a2200229 4500
005 20260325170734.0
008 260325b |||||||| |||| 00| 0 eng d
020 _a9789360622442 (hbk)
037 _cTB
040 _aCRL
_cCRL
041 _2URD
_aURD
084 _aO168:g R5
_bCRL
100 _aGawhar, Aswad
_91116009
245 _aTanqeed ka bayaniya
260 _aNew Delhi, India:
_bEducational publishing house,
_c2025.
300 _a260p.
365 _b350.00
_cINR
650 _aUrdu Literature
650 _aCriticism
942 _cTB
_2CC
_hO168:g R5
999 _c1679735
_d1679735